'Allo 'Allo TV Series - Statistics

General Stats
  • This quiz has been taken 117 times
    116 since last reset
  • The average score is 21 of 30
Answer Stats
Question Answer % Correct
Which character is portrayed by Vicki Michelle? Yvette
100%
Who is not in love with Rene? Hans Geering
91%
Who is the owner of a "little tank"? Hubert Gruber
91%
Who is the leader of the French Resistance? Michelle
91%
What is Rene's code name? Night Hawk
91%
Who is local Gestapo officer? Otto Flick
91%
Who claims to be the godson of Heinrich Himmler? Otto Flick
91%
Who is Rene in love with? Yvette
91%
Who is the café's resident cabaret performer? Edith
82%
Which actor is portraying local cafe owner Rene Artois? Gorden Kaye
82%
In which French town is 'Allo 'Allo! series taking place? Nouvion
82%
What is Michelle's code name? Blue Tit
73%
What nationality is Officer Crabtree? British
73%
Other than the two main paintings what artifact did Colonel Von Strohm steal? cuckoo clock
73%
In which room in the cafe is the radio hidden? in the attic
73%
Who is the corrupt German town commandant? Kurt Von Strohm
73%
Who often says: "Listen very carefully, I shall say this only once?" Michelle
73%
Which character greet others with: "Good moaning?" Officer Crabtree
73%
What is the first name of Italian Captain Bertorelli? Alberto
64%
Who did Rene’s mother-in-law Fanny marry? Ernest Leclerc
64%
Who was the replacement waitress for Maria in the cafe? Mimi
64%
Who plans to marry Helga after the war? Otto Flick
64%
In the end of the 'Allo 'Allo! series who was in possession of "The Fallen Madonna with the Big Boobies"? Rene Artois
64%
What is the name of fictional painter who painted "The Fallen Madonna?" Van Klomp
64%
When things go wrong, who always says: "What a mistake-a to make-a?" Capt. Bertorelli
55%
Who is childhood sweetheart of Rene? Denise
55%
What rank British Officers Fairfax and Carstairs have? Lieutenants
55%
What is Erich von Klinkerhoffen's rank in German army? Major-General
55%
What is Hans Geering's rank in German army? Captain
27%
Who is Michelle's assistant in the Resistance? Henriette
27%
No matching quizzes found
Score Distribution
Percent of People with Each Score
Percentile by Number Answered
Your Score History
You have not taken this quiz since the last reset